| Поле | Название | Значение |
| |
Тип записи |
a |
| |
Библиографический уровень |
m |
| 001 |
Контрольный номер |
RU\infra-m\znanium\bibl\2236701 |
| 005 |
Дата корректировки |
20260429142123.4 |
| 008 |
Кодируемые данные |
260120s2025 RU g rus u |
| 020 |
Индекс ISBN |
__ |
| a |
ISBN |
978-5-9614-8248-5 |
| 040 |
Источник каталогиз. |
__ |
| a |
Служба первич. каталог. |
Общество с ограниченной ответственностью «ЗНАНИУМ» |
| 041 |
Код языка издания |
__ |
| a |
Код языка текста |
rus |
| 044 |
Код страны публикации |
__ |
| a |
Код страны публикации |
RU |
| 080 |
Индекс УДК |
__ |
| a |
Индекс УДК |
316 |
| 084 |
Индекс другой классификации/Индекс ББК |
__ |
| 2 |
Источник индекса |
rubbk |
| a |
Индекс другой классификации/Индекс ББК |
6505 |
| 100 |
Автор |
__ |
| a |
Автор |
Зейхан П. |
| q |
Полное имя |
Зейхан Питер |
| 245 |
Заглавие |
__ |
| a |
Заглавие |
Конец мира - это только начало: экономика после краха глобализации |
| b |
Продолж. заглавия |
Научно-популярная литература |
| 250 |
Сведения об издании |
__ |
| a |
Основные сведения об издании |
1 |
| 260 |
Выходные данные |
__ |
| a |
Место издания |
Москва |
| b |
Издательство |
ООО "Альпина Паблишер" |
| c |
Дата издания |
2026 |
| 300 |
Физическое описание |
__ |
| a |
Объем |
664 с. |
| 520 |
Аннотация |
__ |
| a |
Аннотация |
Эпоха стабильности в мировой экономике закончилась. Какое будущее ждет нас теперь? Грозит ли человечеству конец глобализации распад глобальных экономических связей и угасание мировой торговли? На эти вопросы пытается ответить Питер Зейхан специалист в области геополитики и геостратегии и основатель консалтинговой компании Zeihan on Geopolitics. Анализируя важнейшие глобальные тенденции развития мировой торговли транспорта финансовой системы и демографических сдвигов автор рисует нам новую картину мира где каждая страна развивается обособленно решает конфликты самостоятельно — и все это на фоне стареющего и сокращающегося населения. Какие страны и регионы в обозримом будущем окажутся в выигрышном положении а какие возможно ждет нищета и голод? Сохранится ли доминирование США? Зейхан приглашает читателей в увлекательное и немного пугающее путешествие по экономической географии ближайшего будущего. |
| 521 |
Примеч. о цел. назн. |
__ |
| a |
Примеч. о целев. назн. |
Дополнительное образование взрослых |
| 650 |
Тематические рубрики |
__ |
| a |
Основная рубрика |
Политика. Социология |
| x |
Основная подрубрика |
Обществознание |
| 655 |
Указ. предметных рубрик (устаревшее) |
__ |
| a |
Жанр/ форма (устаревшее) |
Научно-популярная литература |
| 856 |
Электронный адрес документа |
4_ |
| a |
Имя сервера/домена |
znanium.ru |
| m |
Помощь |
ebs_support@infra-m.ru |
| n |
Местонахождение сервера |
НИЦ ИНФРА-М |
| u |
URL |
https://znanium.ru/catalog/document?id=474598 |
| 856 |
Электронный адрес документа |
48 |
| a |
Имя сервера/домена |
znanium.ru |
| d |
Путь |
/cover/2236 |
| f |
Электронное имя |
2236701.jpg |
| q |
Тип электронного формата |
image/jpeg |
| u |
URL |
https://znanium.ru/cover/2236/2236701.jpg |
| 911 |
|
__ |
| u |
|
0030=https://znanium.ru/catalog/document?id=474598 |